000 01578nam a2200385 i 4500
001 49835
003 KOSZ 005
005 20200831145717.0
008 100519s2009 pl f f |000 0 pol
020 _a9788324925360
040 _cKOSZ 005
_aKOSZ 005
_dKOSZ 005/HR
041 0 _apol
046 _k2009
080 _a694.4
080 _a006.3/.8(438)
100 1 _aFrancke, Barbara
_eAutor
245 1 0 _aKomentarz do normy PN-EN 13707:2006+A1:2007 "Elastyczne wyroby wodochronne. Wyroby asfaltowe na osnowie do pokryć dachowych. Definicje i właściwości" wraz z zaleceniami ITB dla wyrobów objętych normą :
_b[instrukcja /
_caut.: Barbara Francke ; oprac. red. Danuta Szczepańska] ; Instytut Techniki Budowlanej.
260 _aWarszawa :
_bInstytut Techniki Budowlanej,
_c2009.
300 _a30, [2] s. ;
_c24 cm.
380 _aDruki ulotne
388 _a2001-
490 1 _aInstrukcje, Wytyczne, Poradniki / Instytut Techniki Budowlanej ;
_v450/2009
648 7 _a2001-
650 7 _aDach
650 7 _aMateriały budowlane
650 7 _aHydroizolacje
650 7 _aNorma (technika)
655 7 _aKomentarz do normy
658 _aArchitektura i budownictwo
700 1 _aSzczepańska, Danuta
_eRedakcja
710 2 _aInstytut Techniki Budowlanej
_4pbl.
830 0 _aInstrukcje, Wytyczne, Poradniki - Instytut Techniki Budowlanej ;
_v450/2009
856 _uhttp://koha.tu.koszalin.pl/cgi-bin/koha/opac-detail.pl?biblionumber=49835
_yKatalog online BPK
942 _cKS
_2UKD
999 _c49835
_d49835